<?xml version="1.0" encoding="UTF-8"?>
<record
    xmlns:xsi="http://www.w3.org/2001/XMLSchema-instance"
    xsi:schemaLocation="http://www.loc.gov/MARC21/slim http://www.loc.gov/standards/marcxml/schema/MARC21slim.xsd"
    xmlns="http://www.loc.gov/MARC21/slim">

  <leader>00355nam a22001577a 4500</leader>
  <controlfield tag="003">SGT</controlfield>
  <datafield tag="020" ind1=" " ind2=" ">
    <subfield code="a">9789374737971</subfield>
  </datafield>
  <datafield tag="082" ind1=" " ind2=" ">
    <subfield code="a">610.7367</subfield>
    <subfield code="b">M18P</subfield>
  </datafield>
  <datafield tag="100" ind1=" " ind2=" ">
    <subfield code="a">PANWAR, P.K.</subfield>
  </datafield>
  <datafield tag="245" ind1=" " ind2=" ">
    <subfield code="a">MEDICAL SURGICAL NURSING </subfield>
  </datafield>
  <datafield tag="250" ind1=" " ind2=" ">
    <subfield code="a">5TH</subfield>
  </datafield>
  <datafield tag="260" ind1=" " ind2=" ">
    <subfield code="a">INDIA</subfield>
    <subfield code="b">AITBS PUB </subfield>
    <subfield code="c">2018</subfield>
  </datafield>
  <datafield tag="300" ind1=" " ind2=" ">
    <subfield code="a">545</subfield>
  </datafield>
  <datafield tag="650" ind1=" " ind2=" ">
    <subfield code="a">MEDICALL SURGICAL NURSING </subfield>
  </datafield>
  <datafield tag="942" ind1=" " ind2=" ">
    <subfield code="2">ddc</subfield>
    <subfield code="c">BK</subfield>
    <subfield code="0">217</subfield>
  </datafield>
  <datafield tag="952" ind1=" " ind2=" ">
    <subfield code="0">0</subfield>
    <subfield code="1">0</subfield>
    <subfield code="2">ddc</subfield>
    <subfield code="4">0</subfield>
    <subfield code="7">0</subfield>
    <subfield code="8">NURSING</subfield>
    <subfield code="a">FM</subfield>
    <subfield code="b">FM</subfield>
    <subfield code="c">TXT</subfield>
    <subfield code="d">2021-10-12</subfield>
    <subfield code="e">ABC DELHI</subfield>
    <subfield code="g">665.00</subfield>
    <subfield code="i">SGTU</subfield>
    <subfield code="l">81</subfield>
    <subfield code="m">1</subfield>
    <subfield code="o">610.7367 M18P</subfield>
    <subfield code="p">FN4501</subfield>
    <subfield code="q">2026-06-03</subfield>
    <subfield code="r">2026-05-20 00:00:00</subfield>
    <subfield code="s">2026-05-20</subfield>
    <subfield code="w">0000-00-00</subfield>
    <subfield code="y">BK</subfield>
    <subfield code="k">13309</subfield>
  </datafield>
  <datafield tag="952" ind1=" " ind2=" ">
    <subfield code="0">0</subfield>
    <subfield code="1">0</subfield>
    <subfield code="2">ddc</subfield>
    <subfield code="4">0</subfield>
    <subfield code="7">0</subfield>
    <subfield code="8">NURSING</subfield>
    <subfield code="a">FM</subfield>
    <subfield code="b">FM</subfield>
    <subfield code="c">TXT</subfield>
    <subfield code="d">2021-10-12</subfield>
    <subfield code="e">ABC DELHI</subfield>
    <subfield code="g">665.00</subfield>
    <subfield code="i">SGTU</subfield>
    <subfield code="l">0</subfield>
    <subfield code="o">610.7367 M18P</subfield>
    <subfield code="p">FN4502</subfield>
    <subfield code="r">2021-10-12 00:00:00</subfield>
    <subfield code="w">0000-00-00</subfield>
    <subfield code="y">BK</subfield>
    <subfield code="k">13309</subfield>
  </datafield>
  <datafield tag="952" ind1=" " ind2=" ">
    <subfield code="0">0</subfield>
    <subfield code="1">0</subfield>
    <subfield code="2">ddc</subfield>
    <subfield code="4">0</subfield>
    <subfield code="7">0</subfield>
    <subfield code="8">NURSING</subfield>
    <subfield code="a">FM</subfield>
    <subfield code="b">FM</subfield>
    <subfield code="c">TXT</subfield>
    <subfield code="d">2021-10-12</subfield>
    <subfield code="e">ABC DELHI</subfield>
    <subfield code="g">665.00</subfield>
    <subfield code="i">SGTU</subfield>
    <subfield code="l">60</subfield>
    <subfield code="o">610.7367 M18P</subfield>
    <subfield code="p">FN4503</subfield>
    <subfield code="q">2026-06-04</subfield>
    <subfield code="r">2026-05-21 00:00:00</subfield>
    <subfield code="s">2026-05-21</subfield>
    <subfield code="w">0000-00-00</subfield>
    <subfield code="y">BK</subfield>
    <subfield code="k">13309</subfield>
  </datafield>
  <datafield tag="952" ind1=" " ind2=" ">
    <subfield code="0">0</subfield>
    <subfield code="1">0</subfield>
    <subfield code="2">ddc</subfield>
    <subfield code="4">0</subfield>
    <subfield code="7">0</subfield>
    <subfield code="8">NURSING</subfield>
    <subfield code="a">FM</subfield>
    <subfield code="b">FM</subfield>
    <subfield code="c">TXT</subfield>
    <subfield code="d">2021-10-12</subfield>
    <subfield code="e">ABC DELHI</subfield>
    <subfield code="g">665.00</subfield>
    <subfield code="i">SGTU</subfield>
    <subfield code="l">67</subfield>
    <subfield code="m">1</subfield>
    <subfield code="o">610.7367 M18P</subfield>
    <subfield code="p">FN4504</subfield>
    <subfield code="q">2026-06-13</subfield>
    <subfield code="r">2026-05-30 09:12:56</subfield>
    <subfield code="s">2026-05-30</subfield>
    <subfield code="w">0000-00-00</subfield>
    <subfield code="y">BK</subfield>
    <subfield code="k">13309</subfield>
  </datafield>
  <datafield tag="952" ind1=" " ind2=" ">
    <subfield code="0">0</subfield>
    <subfield code="1">0</subfield>
    <subfield code="2">ddc</subfield>
    <subfield code="4">0</subfield>
    <subfield code="7">0</subfield>
    <subfield code="8">NURSING</subfield>
    <subfield code="a">FM</subfield>
    <subfield code="b">FM</subfield>
    <subfield code="c">TXT</subfield>
    <subfield code="d">2021-10-12</subfield>
    <subfield code="e">ABC DELHI</subfield>
    <subfield code="g">665.00</subfield>
    <subfield code="i">SGTU</subfield>
    <subfield code="l">61</subfield>
    <subfield code="o">610.7367 M18P</subfield>
    <subfield code="p">FN4505</subfield>
    <subfield code="q">2026-06-04</subfield>
    <subfield code="r">2026-05-21 00:00:00</subfield>
    <subfield code="s">2026-05-21</subfield>
    <subfield code="w">0000-00-00</subfield>
    <subfield code="y">BK</subfield>
    <subfield code="k">13309</subfield>
  </datafield>
  <datafield tag="999" ind1=" " ind2=" ">
    <subfield code="c">21947</subfield>
    <subfield code="d">21947</subfield>
  </datafield>
</record>
